Canadian Political Parties in the House - Statistics

General Stats
  • This quiz has been taken 87 times
  • The average score is 12 of 23
Answer Stats
Year # Party % Correct
1984 211 Conservative
100%
1887 2 Nationalist Conservative
100%
2015 184 Liberal
99%
1926 8 Liberal-Progressive
99%
2011 103 New Democratic
94%
1943 4 Bloc populaire
93%
1993 54 Bloc Québécois
93%
2019 3 Green
87%
1921 58 Progressive
73%
2018 1 People's
65%
1997 60 Reform
65%
1943 2 Communist
54%
1962 30 Social Credit
44%
2001 66 Alliance
42%
1926 4 Labour
39%
1948 31 Co-operative Commonwealth
32%
1939 2 United Reform
20%
1867 18 Anti-Confederation
18%
1889 2 Nationalist
18%
1935 1 Reconstruction
6%
1896 2 Patrons of Industry
4%
2015 2 Strength in Democracy
3%
1896 1 McCarthyite
1%
No matching quizzes found
Score Distribution
Percent of People with Each Score
Percentile by Number Answered
Your Score History
You have not taken this quiz